000 00430pab a2200157 454500
008 180718b2004 xxu||||| |||| 00| 0 eng d
100 _aPodkaminer, Leon
245 _aA note on the evolution of inequality in Poland, 1922-99
260 _c2004
300 _ap.755-68.
362 _aSep
650 _aIncome distribution - Poland
650 _aIncome distribution
773 _aCambridge Journal of Economics
909 _a60920
999 _c60920
_d60920